Countries during World War II - Statistics

General Stats
  • This quiz has been taken 85 times
  • The average score is 10 of 15
Answer Stats
Hint Answer % Correct
Leader is Hitler Germany
89%
Hitler was from here Austria
85%
Invaded in 1939 Poland
77%
The Battle of Leningrad & Stalingrad happened here USSR
75%
Churchill & Chamberlain United Kingdom
74%
Did the surprise attack Japan
68%
SOMEHOW STAYED NEUTRAL (WAAHAHAHAHHAT) Switzerland
68%
Once was a UK territory and helped in the Pacific Australia
66%
The Nanjing Massacre happened here China
64%
Almost lost to Ethiopia (somehow) & has the desert Fox Italy
62%
Invaded before WW2 Started Czechoslovakia
55%
Almost beat the USSR Finland
55%
Surprised everyone by getting invaded easily France
55%
Surprised attacked on December 7th, 1941 USA
45%
Exploited by Germany for their Uranium & other natural resources Norway
40%
No matching quizzes found
Score Distribution
Percent of People with Each Score
Percentile by Number Answered
Your Score History
You have not taken this quiz